Sensitometria fotográfica (Registo nº 200941)
[ vista simples ]
| 000 -Etiqueta do registo | |
|---|---|
| Valores | 00539nam 22001813 4500 |
| 100 ## - Dados gerais de processamento | |
| Dados gerais | 20260303 pory50 |
| 200 ## - Titulo e menção de responsabilidade | |
| Título próprio | Sensitometria fotográfica |
| Primeira menção de responsabilidade | António de Figueiredo Cabral |
| 210 ## - Publicação | |
| Local de publicação | Mem Martins |
| Nome do editor | Europa-América |
| Data de publicação | [19??] |
| 215 ## - Descrição física | |
| Paginação / Volumes | 103, [5] p. |
| Outras indicações físicas | il. ; brochado |
| Dimensões | 18 cm |
| 225 ## - Colecção | |
| Título próprio da colecção | Saber |
| Número de parte ou secção | 128 |
| 606 ## - Nome comum usado como assunto | |
| ID Autoridade | 4512 |
| Palavra de ordem | Fotografia e processos similares |
| 675 ## - CDU | |
| Notação | 77 |
| Edição | PT |
| Língua | por |
| 700 ## - Autor principal (pessoa individual) | |
| ID Autoridade | 16623 |
| Apelido | Cabral |
| Nome | António de Figueiredo |
| 801 ## - Fonte de origem | |
| País | PT |
| Agência | BMMN |
| Regras de catalogação | RPC |
| 830 ## - Notas gerais do catalogador | |
| Data de criação | Vanda |
| 990 ## - Elementos KOHA | |
| Tipo de documento | Livro |
| Situação do levantamento | Biblioteca de origem | Código de barras | Cota | Permissão de empréstimo | Tipo de documento | Forma de aquisição |
|---|---|---|---|---|---|---|
| Biblioteca Municipal de Montemor-o-Novo | 30205 | 77 CAB|DEP | Livro | Compra |